000 00757nam a2200217 u 4500
001 000002066
005 20240709130334.0
008 090630s2007 dr c r 000 0 spa d
020 _a9789945408089
040 _aDO-SdBNP
_bspa
_cBNPHU
082 _a907.2097291
_bA454c
100 1 _aAlonso Romero, Mercedes
_96652
245 1 0 _aCasados con la verdad /
_cMercedes Alonso Romero ; prólogo Yoel Cordoví Núñez.
260 _aSanto Domingo :
_bArgos,
_c2007.
300 _a158 p. :
_bretrs. ;
_c22 cm.
500 _aIncluye datos biográficos de la autora en las solapas
650 4 _aHistoriadores
_zCuba
_vENTREVISTAS
_96653
651 4 _aCuba
_xHistoria
_9493
700 1 2 _aCordoví Núñez, Yoel,
_epról
_96654
910 _aValidado. Control de calidad MFF
999 _c1930
_d1930